00477nam a2200145Ia 4500082001200000100002400012245009800036260003300134300002100167650004200188650003700230650003000267710001700297710001700314 aTS.0707 aSharma, Vijay Kumar 0aGeographic assessment of water resources in Haryana and their impact on agricultural land use c1978bKurukshetra University a233p. + C D - 55 aWATER RESOURCES DEVELOPMENT - HARYANA aAGRICULTURAL GEOGRAPHY - HARYANA aLAND USE, RURAL - HARYANA aPillai, N.N. aJasbir Singh